Statistiken für Alle Städte und Gemeinden in Schleswig-Holstein

Klicken Sie hier um das Quiz zu spielen!

Allgemein

  • Dieses Quiz wurde 1.617 mal gespielt
    (493 seit der letzten Aktualisierung)
  • Das Durchschnittsergebnis liegt bei 329 aus 1104

Antworten auf der Karte

Die Antworten werden auf der Karte rot bzw. grün angezeigt, abhängig davon wie oft sie richtig erraten wurden.
 

Antwortstatistiken

KreisEinwohnerGemeinde% Korrekt
Kreisfreie Städte246.794Kiel
97%
Kreisfreie Städte90.164Flensburg
96%
Kreisfreie Städte216.530Lübeck
92%
Nordfriesland13.689Sylt
88%
Kreisfreie Städte80.196Neumünster
86%
Rendsburg-Eckernförde21.728Eckernförde
83%
Pinneberg43.667Pinneberg
83%
Ostholstein12.638Fehmarn
82%
Nordfriesland23.189Husum
81%
Plön8.926Plön
81%
Rendsburg-Eckernförde28.896Rendsburg
81%
Schleswig-Flensburg25.416Schleswig
79%
Segeberg17.381Bad Segeberg
77%
Dithmarschen21.852Heide
74%
Pinneberg49.983Elmshorn
73%
Steinburg31.803Itzehoe
73%
Segeberg79.357Norderstedt
71%
Ostholstein15.043Neustadt in Holstein
70%
Pinneberg1.306Helgoland
69%
Herzogtum Lauenburg11.402Lauenburg
68%
Nordfriesland1.493List auf Sylt
68%
Stormarn24.690Bad Oldesloe
66%
Plön761Stein
66%
Nordfriesland4.222Wyk auf Föhr
66%
Nordfriesland9.992Niebüll
65%
Herzogtum Lauenburg14.525Ratzeburg
65%
Stormarn33.728Ahrensburg
64%
Dithmarschen4.907Büsum
64%
Nordfriesland1.163Pellworm
64%
Nordfriesland3.997Sankt Peter-Ording
63%
Ostholstein20.044Bad Schwartau
62%
Dithmarschen4.159Burg
62%
Ostholstein17.013Eutin
62%
Steinburg10.931Glückstadt
62%
Nordfriesland103Hooge
62%
Herzogtum Lauenburg848Alt-Mölln
61%
Schleswig-Flensburg8.567Kappeln
61%
Herzogtum Lauenburg19.131Mölln
61%
Ostholstein9.794Oldenburg in Holstein
61%
Dithmarschen12.380Brunsbüttel
60%
Schleswig-Flensburg6.114Glücksburg
60%
Segeberg22.109Kaltenkirchen
60%
Ostholstein8.712Timmendorfer Strand
60%
Pinneberg33.708Wedel
60%
Schleswig-Flensburg11.110Handewitt
59%
Segeberg28.104Henstedt-Ulzburg
59%
Segeberg14.773Bad Bramstedt
58%
Steinburg598Hennstedt
58%
Dithmarschen1.975Hennstedt
58%
Schleswig-Flensburg797Steinberg
58%
Stormarn2.761Steinburg
58%
Herzogtum Lauenburg30.688Geesthacht
57%
Nordfriesland461Kampen
57%
Pinneberg21.331Quickborn
57%
Dithmarschen189Quickborn
57%
Ostholstein11.351Scharbeutz
57%
Ostholstein9.122Heiligenhafen
56%
Nordfriesland893Hörnum
56%
Nordfriesland884Dagebüll
55%
Ostholstein10.864Malente
55%
Nordfriesland2.253Nordstrand
55%
Stormarn27.950Reinbek
55%
Nordfriesland2.653Friedrichstadt
54%
Nordfriesland138Langeneß
54%
Stormarn16.077Bargteheide
53%
Schleswig-Flensburg11.616Harrislee
53%
Plön4.994Laboe
53%
Nordfriesland7.635Leck
53%
Nordfriesland905Nebel
53%
Plön15.952Preetz
53%
Nordfriesland4.984Tönning
53%
Steinburg1.941Wacken
53%
Rendsburg-Eckernförde1.483Damp
52%
Rendsburg-Eckernförde7.563Gettorf
52%
Rendsburg-Eckernförde11.993Kronshagen
52%
Steinburg2.584Schenefeld
52%
Pinneberg19.332Schenefeld
52%
Ostholstein7.158Grömitz
51%
Dithmarschen7.247Meldorf
51%
Ostholstein1.167Neukirchen
51%
Nordfriesland1.134Neukirchen
51%
Nordfriesland570Norddorf auf Amrum
51%
Herzogtum Lauenburg16.551Schwarzenbek
51%
Schleswig-Flensburg5.811Tarp
51%
Dithmarschen2.539Friedrichskoog
50%
Stormarn18.466Glinde
50%
Nordfriesland10Gröde
50%
Steinburg8.133Kellinghusen
50%
Plön5.269Lütjenburg
50%
Rendsburg-Eckernförde3.715Owschlag
50%
Herzogtum Lauenburg1.366Schönberg
50%
Plön6.337Schönberg
50%
Plön13.762Schwentinental
50%
Ostholstein1.583Sierksdorf
50%
Pinneberg18.567Uetersen
50%
Rendsburg-Eckernförde9.998Altenholz
49%
Schleswig-Flensburg702Böel
49%
Rendsburg-Eckernförde7.682Bordesholm
49%
Rendsburg-Eckernförde10.466Büdelsdorf
49%
Ostholstein1.224Dahme
49%
Nordfriesland2.818Garding
49%
Nordfriesland277Kirchspiel Garding
49%
Nordfriesland979Klanxbüll
49%
Rendsburg-Eckernförde2.710Rieseby
49%
Rendsburg-Eckernförde1.486Strande
49%
Nordfriesland788Wittdün auf Amrum
49%
Schleswig-Flensburg281Arnis
48%
Schleswig-Flensburg2.129Busdorf
48%
Pinneberg17.944Halstenbek
48%
Nordfriesland90Holm
48%
Pinneberg3.234Holm
48%
Schleswig-Flensburg6.679Kropp
48%
Dithmarschen5.951Marne
48%
Rendsburg-Eckernförde870Noer
48%
Schleswig-Flensburg2.689Schuby
48%
Ostholstein16.998Stockelsdorf
48%
Segeberg944Bark
47%
Stormarn12.824Barsbüttel
47%
Rendsburg-Eckernförde3.881Dänischenhagen
47%
Schleswig-Flensburg2.576Fahrdorf
47%
Rendsburg-Eckernförde7.265Flintbek
47%
Ostholstein2.180Großenbrode
47%
Nordfriesland2.556Hattstedt
47%
Plön8.369Heikendorf
47%
Schleswig-Flensburg168Holt
47%
Steinburg5.731Horst
47%
Herzogtum Lauenburg207Horst
47%
Schleswig-Flensburg2.354Husby
47%
Schleswig-Flensburg800Hüsby
47%
Schleswig-Flensburg959Jagel
47%
Rendsburg-Eckernförde5.050Molfsee
47%
Schleswig-Flensburg314Osterby
47%
Rendsburg-Eckernförde1.001Osterby
47%
Rendsburg-Eckernförde5.075Osterrönfeld
47%
Ostholstein15.148Ratekau
47%
Nordfriesland324Reußenköge
47%
Rendsburg-Eckernförde4.790Schacht-Audorf
47%
Rendsburg-Eckernförde2.809Schwedeneck
47%
Schleswig-Flensburg2.306Silberstedt
47%
Schleswig-Flensburg1.818Stapel
47%
Schleswig-Flensburg5.084Süderbrarup
47%
Stormarn6.485Tangstedt
47%
Pinneberg2.252Tangstedt
47%
Pinneberg14.066Tornesch
47%
Herzogtum Lauenburg732Wentorf
47%
Herzogtum Lauenburg13.439Wentorf bei Hamburg
47%
Rendsburg-Eckernförde5.044Westerrönfeld
47%
Ostholstein8.287Ahrensbök
46%
Rendsburg-Eckernförde1.893Alt Duvenstedt
46%
Rendsburg-Eckernförde3.861Aukrug
46%
Nordfriesland5.543Bredstedt
46%
Nordfriesland49Elisabeth-Sophien-Koog
46%
Schleswig-Flensburg1.946Erfde
46%
Rendsburg-Eckernförde2.121Felde
46%
Rendsburg-Eckernförde6.369Fockbek
46%
Rendsburg-Eckernförde1.289Groß Wittensee
46%
Ostholstein1.125Kellenhusen
46%
Rendsburg-Eckernförde215Klein Wittensee
46%
Rendsburg-Eckernförde1.073Neudorf-Bornstein
46%
Nordfriesland632Oster-Ohrstedt
46%
Stormarn9.041Reinfeld
46%
Schleswig-Flensburg4.303Sörup
46%
Schleswig-Flensburg1.560Treia
46%
Dithmarschen3.415Wesselburen
46%
Rendsburg-Eckernförde1.553Westensee
46%
Rendsburg-Eckernförde1.539Barkelsby
45%
Pinneberg10.356Barmstedt
45%
Segeberg129Borstel
45%
Pinneberg2.524Borstel-Hohenraden
45%
Steinburg39Büttel
45%
Schleswig-Flensburg1.140Dannewerk
45%
Rendsburg-Eckernförde1.179Felm
45%
Rendsburg-Eckernförde523Gammelby
45%
Schleswig-Flensburg2.082Gelting
45%
Schleswig-Flensburg619Hörup
45%
Schleswig-Flensburg2.337Hürup
45%
Dithmarschen348Kaiser-Wilhelm-Koog
45%
Rendsburg-Eckernförde1.353Lindau
45%
Schleswig-Flensburg1.959Lindewitt
45%
Rendsburg-Eckernförde470Lohe-Föhrden
45%
Dithmarschen2.095Lohe-Rickelshof
45%
Rendsburg-Eckernförde1.852Melsdorf
45%
Schleswig-Flensburg5.239Mittelangeln
45%
Rendsburg-Eckernförde133Neu Duvenstedt
45%
Nordfriesland306Ockholm
45%
Rendsburg-Eckernförde2.530Osdorf
45%
Steinburg97Rade
45%
Rendsburg-Eckernförde95Rade
45%
Rendsburg-Eckernförde192Rade
45%
Pinneberg14.372Rellingen
45%
Schleswig-Flensburg2.711Schafflund
45%
Nordfriesland958Tating
45%
Stormarn8.900Trittau
45%
Rendsburg-Eckernförde1.433Waabs
45%
Nordfriesland94Westerhever
45%
Nordfriesland1.035Wester-Ohrstedt
45%
Nordfriesland1.029Witzwort
45%
Rendsburg-Eckernförde1.052Achterwehr
44%
Pinneberg4.520Bönningstedt
44%
Rendsburg-Eckernförde1.604Borgstedt
44%
Rendsburg-Eckernförde1.102Bovenau
44%
Rendsburg-Eckernförde1.515Bredenbek
44%
Nordfriesland2.330Breklum
44%
Rendsburg-Eckernförde666Brodersby
44%
Schleswig-Flensburg688Brodersby-Goltoft
44%
Pinneberg4.250Ellerbek
44%
Rendsburg-Eckernförde2.168Fleckeby
44%
Segeberg2.984Großenaspe
44%
Nordfriesland272Hattstedtermarsch
44%
Steinburg6.111Hohenlockstedt
44%
Rendsburg-Eckernförde5.357Hohenwestedt
44%
Rendsburg-Eckernförde2.408Hohn
44%
Rendsburg-Eckernförde3.318Jevenstedt
44%
Schleswig-Flensburg736Jörl
44%
Steinburg1.676Kollmar
44%
Rendsburg-Eckernförde1.391Kosel
44%
Ostholstein4.938Lensahn
44%
Rendsburg-Eckernförde815Loose
44%
Rendsburg-Eckernförde1.363Mielkendorf
44%
Plön4.112Mönkeberg
44%
Rendsburg-Eckernförde1.125Neuwittenbek
44%
Schleswig-Flensburg130Nieby
44%
Schleswig-Flensburg641Norderbrarup
44%
Schleswig-Flensburg479Nordhackstedt
44%
Steinburg846Nortorf
44%
Rendsburg-Eckernförde6.866Nortorf
44%
Nordfriesland1.250Oldenswort
44%
Rendsburg-Eckernförde954Ottendorf
44%
Plön2.096Probsteierhagen
44%
Rendsburg-Eckernförde1.027Rickert
44%
Rendsburg-Eckernförde1.001Schinkel
44%
Plön6.714Schönkirchen
44%
Dithmarschen396Schülp
44%
Rendsburg-Eckernförde763Schülp bei Nortorf
44%
Rendsburg-Eckernförde1.086Schülp bei Rendsburg
44%
Nordfriesland956Schwesing
44%
Schleswig-Flensburg866Selk
44%
Schleswig-Flensburg2.685Steinbergkirche
44%
Nordfriesland188Süderende
44%
Nordfriesland2.417Süderlügum
44%
Nordfriesland2.223Viöl
44%
Schleswig-Flensburg2.378Wees
44%
Nordfriesland198Welt
44%
Rendsburg-Eckernförde1.019Windeby
44%
Rendsburg-Eckernförde481Ahlefeld-Bistensee
43%
Schleswig-Flensburg329Alt Bennebek
43%
Rendsburg-Eckernförde304Altenhof
43%
Segeberg7.124Boostedt
43%
Ostholstein3.389Bosau
43%
Schleswig-Flensburg101Böxlund
43%
Stormarn967Braak
43%
Rendsburg-Eckernförde428Damendorf
43%
Rendsburg-Eckernförde745Dörphof
43%
Rendsburg-Eckernförde978Groß Vollstedt
43%
Ostholstein1.109Heringsdorf
43%
Schleswig-Flensburg999Hollingstedt
43%
Dithmarschen303Hollingstedt
43%
Rendsburg-Eckernförde838Holzdorf
43%
Schleswig-Flensburg2.742Jübek
43%
Rendsburg-Eckernförde553Karby
43%
Schleswig-Flensburg545Klein Bennebek
43%
Nordfriesland200Kotzenbüll
43%
Nordfriesland1.334Ladelund
43%
Nordfriesland3.280Langenhorn
43%
Schleswig-Flensburg260Lottorf
43%
Nordfriesland3.925Mildstedt
43%
Dithmarschen949Neuenkirchen
43%
Rendsburg-Eckernförde1.594Nübbel
43%
Schleswig-Flensburg3.439Oeversee
43%
Nordfriesland204Osterhever
43%
Schleswig-Flensburg153Pommerby
43%
Rendsburg-Eckernförde1.759Quarnbek
43%
Schleswig-Flensburg549Schnarup-Thumby
43%
Nordfriesland765Seeth
43%
Pinneberg871Seeth-Ekholt
43%
Nordfriesland959Stadum
43%
Rendsburg-Eckernförde386Thumby
43%
Schleswig-Flensburg1.041Tolk
43%
Rendsburg-Eckernförde1.231Tüttendorf
43%
Schleswig-Flensburg443Weesby
43%
Nordfriesland113Wisch
43%
Plön707Wisch
43%
Nordfriesland1.524Achtrup
42%
Pinneberg4.847Appen
42%
Rendsburg-Eckernförde974Ascheffel
42%
Rendsburg-Eckernförde699Blumenthal
42%
Rendsburg-Eckernförde588Bokel
42%
Pinneberg605Bokel
42%
Plön439Boksee
42%
Rendsburg-Eckernförde477Borgdorf-Seedorf
42%
Schleswig-Flensburg685Borgwedel
42%
Nordfriesland222Bramstedtlund
42%
Rendsburg-Eckernförde1.000Brekendorf
42%
Schleswig-Flensburg542Dörpstedt
42%
Steinburg236Drage
42%
Nordfriesland646Drage
42%
Nordfriesland1.114Enge-Sande
42%
Schleswig-Flensburg1.586Freienwill
42%
Schleswig-Flensburg368Geltorf
42%
Ostholstein1.118Göhl
42%
Nordfriesland359Goldebek
42%
Nordfriesland414Goldelund
42%
Schleswig-Flensburg3.021Großenwiehe
42%
Pinneberg800Groß Nordende
42%
Schleswig-Flensburg872Groß Rheide
42%
Rendsburg-Eckernförde732Güby
42%
Herzogtum Lauenburg1.672Gudow
42%
Rendsburg-Eckernförde564Haby
42%
Pinneberg1.067Haselau
42%
Pinneberg1.797Haseldorf
42%
Pinneberg3.747Hasloh
42%
Pinneberg2.873Heist
42%
Rendsburg-Eckernförde1.304Holtsee
42%
Rendsburg-Eckernförde280Hummelfeld
42%
Rendsburg-Eckernförde213Hütten
42%
Nordfriesland175Katharinenheerd
42%
Pinneberg3.337Klein Nordende
42%
Schleswig-Flensburg327Klein Rheide
42%
Rendsburg-Eckernförde681Krummwisch
42%
Schleswig-Flensburg1.549Langballig
42%
Dithmarschen1.701Lunden
42%
Schleswig-Flensburg1.105Lürschau
42%
Schleswig-Flensburg588Maasholm
42%
Schleswig-Flensburg977Medelby
42%
Schleswig-Flensburg676Meggerdorf
42%
Schleswig-Flensburg735Meyn
42%
Pinneberg4.445Moorrege
42%
Steinburg841Neuendorf
42%
Steinburg444Neuendorf-Sachsenbande
42%
Dithmarschen594Neufeld
42%
Nordfriesland40Norderfriedrichskoog
42%
Nordfriesland1.521Ostenfeld
42%
Rendsburg-Eckernförde588Ostenfeld
42%
Stormarn8.842Oststeinbek
42%
Nordfriesland229Poppenbüll
42%
Pinneberg543Raa-Besenbek
42%
Rendsburg-Eckernförde853Rumohr
42%
Segeberg260Schieren
42%
Rendsburg-Eckernförde366Schierensee
42%
Rendsburg-Eckernförde747Schülldorf
42%
Nordfriesland1.354Schwabstedt
42%
Rendsburg-Eckernförde833Sehestedt
42%
Schleswig-Flensburg1.642Sieverstedt
42%
Nordfriesland824Simonsberg
42%
Stormarn1.862Stapelfeld
42%
Schleswig-Flensburg339Süderhackstedt
42%
Ostholstein5.048Süsel
42%
Schleswig-Flensburg951Tetenhusen
42%
Nordfriesland106Tümlauer Koog
42%
Nordfriesland219Vollerwiek
42%
Schleswig-Flensburg928Wallsbüll
42%
Schleswig-Flensburg2.480Wanderup
42%
Ostholstein2.145Wangels
42%
Rendsburg-Eckernförde685Warder
42%
Steinburg4.287Wilster
42%
Rendsburg-Eckernförde522Winnemark
42%
Schleswig-Flensburg196Ahneby
41%
Nordfriesland515Ahrenshöft
41%
Nordfriesland518Ahrenviöl
41%
Nordfriesland332Arlewatt
41%
Schleswig-Flensburg531Ausacker
41%
Schleswig-Flensburg718Bergenhusen
41%
Schleswig-Flensburg1.659Böklund
41%
Plön1.288Bösdorf
41%
Rendsburg-Eckernförde606Bünsdorf
41%
Rendsburg-Eckernförde229Christiansholm
41%
Schleswig-Flensburg1.021Dollerup
41%
Schleswig-Flensburg764Ellingstedt
41%
Rendsburg-Eckernförde1.350Emkendorf
41%
Schleswig-Flensburg822Esgrus
41%
Rendsburg-Eckernförde420Friedrichsholm
41%
Rendsburg-Eckernförde738Goosefeld
41%
Schleswig-Flensburg1.804Großsolt
41%
Nordfriesland21Grothusenkoog
41%
Ostholstein1.045Grube
41%
Schleswig-Flensburg876Grundhof
41%
Segeberg1.894Hartenholm
41%
Nordfriesland882Haselund
41%
Schleswig-Flensburg813Hasselberg
41%
Pinneberg1.365Hetlingen
41%
Stormarn53Hohenfelde
41%
Plön1.017Hohenfelde
41%
Steinburg877Hohenfelde
41%
Plön839Hohwacht
41%
Rendsburg-Eckernförde343Holzbunge
41%
Schleswig-Flensburg903Idstedt
41%
Schleswig-Flensburg314Jardelund
41%
Schleswig-Flensburg960Jerrishoe
41%
Nordfriesland727Joldelund
41%
Nordfriesland1.005Klixbüll
41%
Rendsburg-Eckernförde176Königshügel
41%
Dithmarschen803Kronprinzenkoog
41%
Rendsburg-Eckernförde1.575Langwedel
41%
Nordfriesland669Löwenstedt
41%
Schleswig-Flensburg1.155Munkbrarup
41%
Pinneberg507Neuendeich
41%
Dithmarschen119Neufelderkoog
41%
Schleswig-Flensburg529Niesgrau
41%
Plön1.415Panker
41%
Schleswig-Flensburg634Rabel
41%
Schleswig-Flensburg649Rabenkirchen-Faulück
41%
Nordfriesland1.880Rantrum
41%
Rendsburg-Eckernförde482Rodenbek
41%
Schleswig-Flensburg1.563Schaalby
41%
Ostholstein2.604Schönwalde am Bungsberg
41%
Herzogtum Lauenburg501Seedorf
41%
Segeberg2.178Seedorf
41%
Pinneberg1.017Seester
41%
Pinneberg899Seestermühe
41%
Nordfriesland256Sprakebüll
41%
Nordfriesland587Tetenbüll
41%
Schleswig-Flensburg292Tielen
41%
Rendsburg-Eckernförde2.297Wasbek
41%
Plön972Wendtorf
41%
Nordfriesland358Westre
41%
Nordfriesland220Ahrenviölfeld
40%
Nordfriesland551Behrendorf
40%
Plön1.678Blekendorf
40%
Schleswig-Flensburg1.408Bollingstedt
40%
Nordfriesland1.999Bordelum
40%
Schleswig-Flensburg1.161Boren
40%
Schleswig-Flensburg752Börm
40%
Steinburg965Brokdorf
40%
Herzogtum Lauenburg6.093Büchen
40%
Schleswig-Flensburg2.455Eggebek
40%
Rendsburg-Eckernförde282Eisendorf
40%
Segeberg6.319Ellerau
40%
Pinneberg1.519Ellerhoop
40%
Rendsburg-Eckernförde1.579Elsdorf-Westermühlen
40%
Ostholstein1.507Gremersdorf
40%
Rendsburg-Eckernförde215Grevenkrug
40%
Schleswig-Flensburg207Grödersby
40%
Segeberg676Groß Niendorf
40%
Schleswig-Flensburg889Havetoft
40%
Dithmarschen2.878Hemmingstedt
40%
Nordfriesland468Högel
40%
Nordfriesland805Horstedt
40%
Nordfriesland634Immenstedt
40%
Dithmarschen97Immenstedt
40%
Schleswig-Flensburg409Janneby
40%
Schleswig-Flensburg455Klappholz
40%
Schleswig-Flensburg244Kronsgaard
40%
Nordfriesland336Lütjenholm
40%
Segeberg2.444Nahe
40%
Schleswig-Flensburg1.164Neuberend
40%
Herzogtum Lauenburg653Niendorf
40%
Herzogtum Lauenburg196Niendorf bei Berkenthin
40%
Dithmarschen604Nordermeldorf
40%
Nordfriesland410Norstedt
40%
Schleswig-Flensburg1.287Nübel
40%
Nordfriesland461Olderup
40%
Plön407Pohnsdorf
40%
Schleswig-Flensburg287Rabenholz
40%
Schleswig-Flensburg545Ringsberg
40%
Dithmarschen325Sankt Annen
40%
Herzogtum Lauenburg874Schnakenbek
40%
Segeberg1.937Seth
40%
Schleswig-Flensburg204Stangheck
40%
Schleswig-Flensburg809Steinfeld
40%
Schleswig-Flensburg1.332Sterup
40%
Schleswig-Flensburg800Stolk
40%
Schleswig-Flensburg709Stoltebüll
40%
Schleswig-Flensburg670Ulsnis
40%
Dithmarschen178Wesselburenerkoog
40%
Schleswig-Flensburg748Westerholz
40%
Nordfriesland426Wobbenbüll
40%
Schleswig-Flensburg483Wohlde
40%
Steinburg2.359Wrist
40%
Segeberg2.754Alveslohe
39%
Herzogtum Lauenburg3.265Aumühle
39%
Nordfriesland620Bargum
39%
Pinneberg812Bilsen
39%
Nordfriesland158Bondelum
39%
Rendsburg-Eckernförde1.379Breiholz
39%
Dithmarschen998Buchholz
39%
Herzogtum Lauenburg240Buchholz
39%
Dithmarschen358Büsumer Deichhausen
39%
Ostholstein615Damlos
39%
Segeberg1.928Groß Kummerfeld
39%
Rendsburg-Eckernförde268Haßmoor
39%
Pinneberg1.695Hemdingen
39%
Plön467Honigsee
39%
Segeberg1.182Kayhude
39%
Pinneberg2.346Kummerfeld
39%
Pinneberg601Langeln
39%
Schleswig-Flensburg1.052Langstedt
39%
Dithmarschen1.108Lehe
39%
Schleswig-Flensburg262Loit
39%
Rendsburg-Eckernförde543Lütjenwestedt
39%
Pinneberg771Lutzhorn
39%
Dithmarschen395Norddeich
39%
Schleswig-Flensburg307Oersberg
39%
Pinneberg2.233Prisdorf
39%
Ostholstein909Riepsdorf
39%
Schleswig-Flensburg249Rügge
39%
Steinburg816Sankt Margarethen
39%
Schleswig-Flensburg366Scheggerott
39%
Stormarn2.457Siek
39%
Nordfriesland285Sollwitt
39%
Schleswig-Flensburg461Süderfahrenstedt
39%
Nordfriesland144Südermarsch
39%
Schleswig-Flensburg898Taarstedt
39%
Nordfriesland183Vollstedt
39%
Schleswig-Flensburg214Wagersrott
39%
Segeberg485Wakendorf I
39%
Segeberg1.347Wakendorf II
39%
Dithmarschen104Wesselburener Deichhausen
39%
Dithmarschen874Westerdeichstrich
39%
Dithmarschen1.260Wöhrden
39%
Stormarn3.054Bargfeld-Stegen
38%
Plön632Behrensdorf
38%
Steinburg715Borsfleth
38%
Dithmarschen735Delve
38%
Rendsburg-Eckernförde486Ellerdorf
38%
Segeberg302Föhrden-Barl
38%
Stormarn1.787Großensee
38%
Stormarn9.366Großhansdorf
38%
Stormarn1.757Hamberge
38%
Herzogtum Lauenburg326Harmsdorf
38%
Ostholstein651Harmsdorf
38%
Pinneberg743Heede
38%
Pinneberg2.697Heidgraben
38%
Segeberg3.963Kisdorf
38%
Pinneberg3.106Klein Offenseth-Sparrieshoop
38%
Nordfriesland898Koldenbüttel
38%
Steinburg140Lockstedt
38%
Stormarn3.451Lütjensee
38%
Schleswig-Flensburg958Mohrkirch
38%
Dithmarschen2.827Nordhastedt
38%
Schleswig-Flensburg120Nottfeld
38%
Segeberg1.192Nützen
38%
Dithmarschen275Oesterdeichstrich
38%
Steinburg1.088Oldendorf
38%
Nordfriesland739Oldersbek
38%
Dithmarschen3.399Sankt Michaelisdonn
38%
Schleswig-Flensburg186Saustrup
38%
Ostholstein2.129Schashagen
38%
Segeberg1.896Schmalfeld
38%
Schleswig-Flensburg495Sollerup
38%
Schleswig-Flensburg637Struxdorf
38%
Dithmarschen755Süderhastedt
38%
Rendsburg-Eckernförde1.079Timmaspe
38%
Stormarn1.722Travenbrück
38%
Schleswig-Flensburg532Twedt
38%
Schleswig-Flensburg437Uelsby
38%
Nordfriesland300Uelvesbüll
38%
Nordfriesland719Winnert
38%
Nordfriesland768Wittbek
38%
Ostholstein1.114Altenkrempe
37%
Stormarn9.848Ammersbek
37%
Rendsburg-Eckernförde718Bargstedt
37%
Dithmarschen752Barlt
37%
Pinneberg576Bevern
37%
Segeberg1.011Bimöhlen
37%
Steinburg649Blomesche Wildnis
37%
Pinneberg1.636Brande-Hörnerkirchen
37%
Dithmarschen310Busenwurth
37%
Rendsburg-Eckernförde574Dätgen
37%
Dithmarschen844Elpersbüttel
37%
Steinburg883Engelbrechtsche Wildnis
37%
Nordfriesland89Fresendelf
37%
Dithmarschen53Friedrichsgabekoog
37%
Segeberg874Glasau
37%
Rendsburg-Eckernförde1.175Gnutz
37%
Stormarn1.498Grönwohld
37%
Plön482Großharrie
37%
Pinneberg432Groß Offenseth-Aspern
37%
Rendsburg-Eckernförde1.275Hamdorf
37%
Dithmarschen214Hedwigenkoog
37%
Segeberg308Heidmoor
37%
Nordfriesland182Hude
37%
Stormarn1.753Jersbek
37%
Ostholstein430Kabelhorst
37%
Dithmarschen143Karolinenkoog
37%
Ostholstein1.431Kasseedorf
37%
Rendsburg-Eckernförde438Krogaspe
37%
Segeberg2.682Lentföhrden
37%
Ostholstein381Manhagen
37%
Rendsburg-Eckernförde360Negenharrie
37%
Dithmarschen257Norderwöhrden
37%
Rendsburg-Eckernförde245Oldenbüttel
37%
Pinneberg419Osterhorn
37%
Segeberg3.104Rickling
37%
Rendsburg-Eckernförde205Schönbek
37%
Plön748Schwartbuck
37%
Rendsburg-Eckernförde288Sophienhamm
37%
Rendsburg-Eckernförde194Sören
37%
Dithmarschen472Süderdeich
37%
Nordfriesland13Süderhöft
37%
Pinneberg1.330Westerhorn
37%
Steinburg1.308Wewelsfleth
37%
Segeberg1.709Wiemersdorf
37%
Ostholstein525Beschendorf
36%
Pinneberg1.253Bokholt-Hanredder
36%
Herzogtum Lauenburg4.796Börnsen
36%
Rendsburg-Eckernförde344Brammer
36%
Pinneberg386Bullenkuhlen
36%
Stormarn2.246Delingsdorf
36%
Rendsburg-Eckernförde47Friedrichsgraben
36%
Stormarn706Grande
36%
Segeberg340Hasenkrug
36%
Segeberg766Hasenmoor
36%
Segeberg669Heidmühlen
36%
Dithmarschen1.059Hochdonn
36%
Rendsburg-Eckernförde161Hoffeld
36%
Stormarn3.569Hoisdorf
36%
Pinneberg3.416Kölln-Reisiek
36%
Segeberg606Latendorf
36%
Rendsburg-Eckernförde198Loop
36%
Rendsburg-Eckernförde563Mühbrook
36%
Dithmarschen248Oesterwurth
36%
Rendsburg-Eckernförde160Prinzenmoor
36%
Segeberg1.625Pronstorf
36%
Nordfriesland414Ramstedt
36%
Plön478Stakendorf
36%
Segeberg3.280Sülfeld
36%
Rendsburg-Eckernförde70Tackesdorf
36%
Stormarn1.244Todendorf
36%
Segeberg206Travenhorst
36%
Dithmarschen330Volsemenhusen
36%
Segeberg382Winsen
36%
Stormarn1.523Witzhave
36%
Herzogtum Lauenburg2.398Wohltorf
36%
Herzogtum Lauenburg230Bälau
35%
Plön383Belau
35%
Plön396Brodersdorf
35%
Dithmarschen167Hellschen-Heringsand-Unterschaar
35%
Steinburg1.127Herzhorn
35%
Steinburg2.223Kiebitzreihe
35%
Stormarn496Nienwohld
35%
Steinburg766Sommerland
35%
Dithmarschen235Warwerort
35%
Herzogtum Lauenburg305Woltersdorf
35%
Steinburg215Altenmoor
34%
Dithmarschen554Averlak
34%
Rendsburg-Eckernförde151Bargstall
34%
Dithmarschen36Bergewöhrden
34%
Nordfriesland1.255Drelsdorf
34%
Dithmarschen766Epenwöhrden
34%
Dithmarschen372Lieth
34%
Segeberg885Oersdorf
34%
Dithmarschen384Reinsbüttel
34%
Nordfriesland3.796Risum-Lindholm
34%
Segeberg493Traventhal
34%
Stormarn1.669Brunsbek
33%
Stormarn1.281Hammoor
33%
Dithmarschen253Trennewurth
33%
Stormarn555Feldhorst
32%
Dithmarschen58Hillgroven
32%
Nordfriesland212Karlum
32%
Herzogtum Lauenburg844Elmenhorst
30%
Stormarn2.710Elmenhorst
30%
Nordfriesland179Friedrich-Wilhelm-Lübke-Koog
30%
Steinburg2.357Krempe
30%
Segeberg238Mönkloh
30%
Steinburg277Ecklak
29%
Dithmarschen1.330Eddelak
29%
Herzogtum Lauenburg236Grove
29%
Rendsburg-Eckernförde2.951Hanerau-Hademarschen
29%
Rendsburg-Eckernförde54Hörsten
29%
Dithmarschen866Linden
29%
Stormarn235Rausdorf
29%
Stormarn700Rehhorst
29%
Stormarn1.966Tremsbüttel
29%
Steinburg156Elskop
28%
Steinburg327Grevenkop
28%
Dithmarschen84Groven
28%
Rendsburg-Eckernförde442Hamweddel
28%
Steinburg1.946Hohenaspe
28%
Steinburg265Landscheide
28%
Nordfriesland282Sönnebüll
28%
Segeberg482Hagen
27%
Steinburg233Krempdorf
27%
Dithmarschen396Marnerdeich
27%
Steinburg458Quarnstedt
27%
Dithmarschen178Schmedeswurth
27%
Steinburg717Süderau
27%
Segeberg1.045Weddelbrook
27%
Nordfriesland1.582Wenningstedt-Braderup
27%
Nordfriesland406Rodenäs
26%
Stormarn1.308Rümpel
26%
Rendsburg-Eckernförde296Schönhorst
26%
Nordfriesland858Stedesand
26%
Plön557Barsbek
25%
Dithmarschen627Dingen
25%
Nordfriesland883Emmelsbüll-Horsbüll
25%
Nordfriesland615Galmsbüll
25%
Rendsburg-Eckernförde545Gokels
25%
Dithmarschen828Helse
25%
Segeberg2.265Itzstedt
25%
Nordfriesland63Kolkerheide
25%
Steinburg2.314Kremperheide
25%
Rendsburg-Eckernförde1.020Todenbüttel
25%
Dithmarschen683Diekhusen-Fahrstedt
24%
Segeberg1.238Hitzhusen
24%
Steinburg560Krempermoor
24%
Dithmarschen601Kuden
24%
Steinburg118Kudensee
24%
Nordfriesland1.032Struckum
24%
Nordfriesland359Uphusum
24%
Dithmarschen792Windbergen
24%
Steinburg164Wittenbergen
24%
Steinburg50Aebtissinwisch
23%
Nordfriesland441Aventoft
23%
Steinburg565Bahrenfleth
23%
Steinburg838Beidenfleth
23%
Steinburg276Dammfleth
23%
Steinburg548Kleve
23%
Dithmarschen390Kleve
23%
Dithmarschen606Krempel
23%
Rendsburg-Eckernförde156Oldenhütten
23%
Steinburg735Ottenbüttel
23%
Dithmarschen148Ramhusen
23%
Steinburg564Rethwisch
23%
Stormarn1.199Rethwisch
23%
Nordfriesland543Almdorf
22%
Nordfriesland760Bohmstedt
22%
Segeberg407Fuhlendorf
22%
Dithmarschen493Hemme
22%
Nordfriesland757Humptrup
22%
Stormarn1.258Lasbek
22%
Nordfriesland52Lexgaard
22%
Steinburg695Neuenbrook
22%
Rendsburg-Eckernförde595Nindorf
22%
Dithmarschen1.153Nindorf
22%
Segeberg1.382Oering
22%
Dithmarschen345Süderdorf
22%
Segeberg382Armstedt
21%
Steinburg135Auufer
21%
Rendsburg-Eckernförde269Beldorf
21%
Rendsburg-Eckernförde425Bendorf
21%
Steinburg244Besdorf
21%
Nordfriesland668Braderup
21%
Segeberg223Damsdorf
21%
Steinburg2.643Lägerdorf
21%
Nordfriesland247Tinningstedt
21%
Steinburg396Westermoor
21%
Steinburg387Wulfsmoor
21%
Steinburg140Bokhorst
20%
Rendsburg-Eckernförde167Bornholt
20%
Nordfriesland249Bosbüll
20%
Steinburg1.039Dägeling
20%
Nordfriesland113Ellhöft
20%
Segeberg472Hardebek
20%
Steinburg117Landrecht
20%
Stormarn669Mönkhagen
20%
Stormarn314Neritz
20%
Steinburg127Nienbüttel
20%
Stormarn1.228Pölitz
20%
Steinburg569Puls
20%
Dithmarschen236Schlichting
20%
Rendsburg-Eckernförde347Seefeld
20%
Stormarn863Barnitz
19%
Stormarn791Grabau
19%
Herzogtum Lauenburg349Grabau
19%
Steinburg175Kronsmoor
19%
Stormarn920Meddewade
19%
Steinburg106Moordiek
19%
Steinburg84Moorhusen
19%
Steinburg1.529Oelixdorf
19%
Dithmarschen161Tielenhemme
19%
Steinburg351Breitenberg
18%
Steinburg1.210Breitenburg
18%
Herzogtum Lauenburg500Hamfelde
18%
Stormarn513Hamfelde
18%
Steinburg199Hodorf
18%
Rendsburg-Eckernförde599Nienborstel
18%
Rendsburg-Eckernförde235Thaden
18%
Segeberg9.751Wahlstedt
18%
Steinburg105Bekdorf
17%
Steinburg78Hingstheide
17%
Steinburg397Holstenniendorf
17%
Stormarn784Klein Wesenberg
17%
Rendsburg-Eckernförde334Steenfeld
17%
Steinburg122Stördorf
17%
Stormarn1.663Wesenberg
17%
Stormarn743Westerau
17%
Stormarn1.450Zarpen
17%
Stormarn865Badendorf
16%
Steinburg1.487Heiligenstedten
16%
Stormarn336Köthel
16%
Herzogtum Lauenburg262Köthel
16%
Steinburg1.881Münsterdorf
16%
Dithmarschen85Strübbel
16%
Segeberg1.090Todesfelde
16%
Steinburg150Bekmünde
15%
Stormarn460Heidekamp
15%
Steinburg733Heiligenstedtenerkamp
15%
Stormarn553Heilshoop
15%
Steinburg441Kaaks
15%
Steinburg741Lohbarbek
15%
Steinburg274Mühlenbarbek
15%
Steinburg252Nutteln
15%
Dithmarschen515Rehm-Flehde-Bargen
15%
Steinburg1.230Vaale
15%
Steinburg129Vaalermoor
15%
Steinburg186Agethorst
14%
Steinburg404Fitzbek
14%
Steinburg440Gribbohm
14%
Steinburg33Kollmoor
14%
Steinburg88Krummendiek
14%
Segeberg989Negernbötel
14%
Steinburg119Oldenborstel
14%
Steinburg313Winseldorf
14%
Dithmarschen390Gudendorf
13%
Steinburg278Huje
13%
Steinburg258Peissen
13%
Steinburg390Poyenberg
13%
Segeberg970Struvenhütten
13%
Rendsburg-Eckernförde511Haale
12%
Rendsburg-Eckernförde1.705Padenstedt
12%
Steinburg238Schlotfeld
12%
Segeberg1.098Sievershütten
12%
Segeberg870Stuvenborn
12%
Segeberg5.187Trappenkamp
12%
Nordfriesland608Wrixum
11%
Plön2.895Ascheberg
10%
Nordfriesland505Oldsum
10%
Steinburg157Silzen
10%
Dithmarschen3.708Albersdorf
9%
Steinburg145Bokelrehm
9%
Segeberg3.271Bornhöved
9%
Nordfriesland65Dunsum
9%
Plön782Kirchbarkau
9%
Segeberg1.740Leezen
9%
Nordfriesland427Midlum
9%
Nordfriesland569Nieblum
9%
Plön1.575Selent
9%
Plön2.922Wankendorf
9%
Nordfriesland391Alkersum
8%
Plön253Großbarkau
8%
Plön278Klein Barkau
8%
Nordfriesland473Oevenum
8%
Steinburg734Reher
8%
Nordfriesland398Utersum
8%
Nordfriesland336Borgsum
7%
Herzogtum Lauenburg349Dalldorf
7%
Herzogtum Lauenburg3.765Groß Grönau
7%
Segeberg856Kattendorf
7%
Steinburg409Looft
7%
Steinburg438Mehlbek
7%
Plön424Nettelsee
7%
Segeberg258Schwissel
7%
Rendsburg-Eckernförde165Bissee
6%
Steinburg2.036Brokstedt
6%
Segeberg648Daldorf
6%
Herzogtum Lauenburg1.013Groß Sarau
6%
Segeberg378Hüttblek
6%
Plön1.318Lehmkuhlen
6%
Plön354Lutterbek
6%
Dithmarschen1.248Schafstedt
6%
Plön1.481Schellhorn
6%
Rendsburg-Eckernförde360Stafstedt
6%
Herzogtum Lauenburg516Talkau
6%
Plön350Warnau
6%
Nordfriesland48Witsum
6%
Plön154Barmissen
5%
Plön268Bothkamp
5%
Rendsburg-Eckernförde111Brinjahe
5%
Rendsburg-Eckernförde1.053Brügge
5%
Plön1.052Dobersdorf
5%
Plön129Fahren
5%
Plön820Fargau-Pratjau
5%
Plön1.040Giekau
5%
Plön979Grebin
5%
Herzogtum Lauenburg188Hornbek
5%
Plön404Krokau
5%
Herzogtum Lauenburg1.718Krummesse
5%
Plön247Lammershagen
5%
Rendsburg-Eckernförde394Luhnstedt
5%
Plön440Postfeld
5%
Plön438Prasdorf
5%
Plön803Rastorf
5%
Dithmarschen2.678Tellingstedt
5%
Herzogtum Lauenburg3.405Dassendorf
4%
Plön984Martensrade
4%
Plön337Passade
4%
Rendsburg-Eckernförde439Remmels
4%
Plön548Schlesen
4%
Rendsburg-Eckernförde328Tappendorf
4%
Steinburg302Warringholz
4%
Dithmarschen2.303Weddingstedt
4%
Steinburg139Aasbüttel
3%
Rendsburg-Eckernförde276Arpsdorf
3%
Segeberg215Bahrenhof
3%
Dithmarschen962Bargenstedt
3%
Herzogtum Lauenburg418Basthorst
3%
Rendsburg-Eckernförde735Beringstedt
3%
Rendsburg-Eckernförde292Böhnhusen
3%
Dithmarschen212Brickeln
3%
Steinburg70Christinenthal
3%
Dithmarschen756Eggstedt
3%
Rendsburg-Eckernförde250Grauel
3%
Dithmarschen454Großenrade
3%
Segeberg570Groß Rönnau
3%
Steinburg150Hadenfeld
3%
Rendsburg-Eckernförde137Heinkenborstel
3%
Rendsburg-Eckernförde217Jahrsdorf
3%
Steinburg72Kaisborstel
3%
Segeberg1.764Klein Rönnau
3%
Segeberg397Krems II
3%
Rendsburg-Eckernförde363Meezen
3%
Plön577Mucheln
3%
Herzogtum Lauenburg1.165Müssen
3%
Dithmarschen323Odderade
3%
Steinburg174Oeschebüttel
3%
Dithmarschen251Offenbüttel
3%
Rendsburg-Eckernförde681Osterstedt
3%
Dithmarschen915Ostrohe
3%
Dithmarschen1.138Pahlen
3%
Steinburg266Pöschendorf
3%
Plön490Rathjensdorf
3%
Steinburg474Sarlhusen
3%
Dithmarschen696Sarzbüttel
3%
Segeberg909Schackendorf
3%
Plön1.301Stolpe
3%
Plön330Stoltenberg
3%
Rendsburg-Eckernförde151Techelsdorf
3%
Dithmarschen670Tensbüttel-Röst
3%
Rendsburg-Eckernförde324Wapelfeld
3%
Dithmarschen1.433Wesseln
3%
Steinburg11Wiedenborstel
3%
Steinburg174Willenscharen
3%
Dithmarschen706Wrohm
3%
Herzogtum Lauenburg886Bäk
2%
Herzogtum Lauenburg653Basedow
2%
Plön197Bendfeld
2%
Herzogtum Lauenburg1.953Breitenfelde
2%
Herzogtum Lauenburg738Brunstorf
2%
Plön610Dannau
2%
Dithmarschen736Dellstedt
2%
Rendsburg-Eckernförde605Ehndorf
2%
Rendsburg-Eckernförde190Embühren
2%
Herzogtum Lauenburg3.461Escheburg
2%
Segeberg1.651Fahrenkrug
2%
Segeberg399Fredesdorf
2%
Dithmarschen350Frestedt
2%
Herzogtum Lauenburg386Fuhlenhagen
2%
Herzogtum Lauenburg65Göttin
2%
Rendsburg-Eckernförde342Groß Buchwald
2%
Herzogtum Lauenburg1.313Gülzow
2%
Herzogtum Lauenburg1.300Güster
2%
Herzogtum Lauenburg867Hamwarde
2%
Plön399Högsdorf
2%
Herzogtum Lauenburg545Hohenhorn
2%
Plön190Kirchnüchel
2%
Plön787Köhn
2%
Herzogtum Lauenburg1.330Kröppelshagen-Fahrendorf
2%
Plön397Krummbek
2%
Dithmarschen471Krumstedt
2%
Plön604Kühren
2%
Segeberg452Kükels
2%
Plön634Lebrade
2%
Herzogtum Lauenburg710Lütau
2%
Herzogtum Lauenburg127Mechow
2%
Rendsburg-Eckernförde229Mörel
2%
Segeberg430Mözen
2%
Plön291Nehmten
2%
Segeberg719Neversdorf
2%
Dithmarschen413Osterrade
2%
Plön336Rantzau
2%
Rendsburg-Eckernförde163Reesdorf
2%
Steinburg349Rosdorf
2%
Herzogtum Lauenburg530Roseburg
2%
Herzogtum Lauenburg1.859Sandesneben
2%
Plön883Schillsdorf
2%
Rendsburg-Eckernförde306Schmalstede
2%
Dithmarschen72Schrum
2%
Herzogtum Lauenburg448Schulendorf
2%
Steinburg103Störkathen
2%
Herzogtum Lauenburg347Tramm
2%
Plön377Tröndel
2%
Herzogtum Lauenburg221Wangelau
2%
Rendsburg-Eckernförde2.942Wattenbek
2%
Dithmarschen428Welmbüttel
2%
Herzogtum Lauenburg204Wiershop
2%
Segeberg975Wittenborn
2%
Herzogtum Lauenburg905Witzeeze
2%
Dithmarschen317Wolmersdorf
2%
Herzogtum Lauenburg189Worth
2%
Herzogtum Lauenburg70Albsfelde
1%
Dithmarschen223Arkebek
1%
Dithmarschen163Barkenholm
1%
Segeberg651Bebensee
1%
Herzogtum Lauenburg381Behlendorf
1%
Herzogtum Lauenburg2.082Berkenthin
1%
Herzogtum Lauenburg92Besenthal
1%
Herzogtum Lauenburg663Bliestorf
1%
Segeberg580Blunk
1%
Plön2.061Bönebüttel
1%
Herzogtum Lauenburg300Borstorf
1%
Herzogtum Lauenburg311Bröthen
1%
Herzogtum Lauenburg156Brunsmark
1%
Herzogtum Lauenburg140Buchhorst
1%
Segeberg366Bühnsdorf
1%
Dithmarschen777Bunsoh
1%
Herzogtum Lauenburg139Dahmker
1%
Plön894Dersau
1%
Plön256Dörnick
1%
Dithmarschen618Dörpling
1%
Segeberg51Dreggers
1%
Herzogtum Lauenburg166Düchelsdorf
1%
Herzogtum Lauenburg549Duvensee
1%
Herzogtum Lauenburg421Einhaus
1%
Dithmarschen280Fedderingen
1%
Plön545Fiefbergen
1%
Herzogtum Lauenburg364Fitzen
1%
Herzogtum Lauenburg41Fredeburg
1%
Dithmarschen173Gaushorn
1%
Segeberg576Geschendorf
1%
Herzogtum Lauenburg150Giesensdorf
1%
Dithmarschen111Glüsing
1%
Herzogtum Lauenburg228Göldenitz
1%
Segeberg490Gönnebek
1%
Herzogtum Lauenburg492Grambek
1%
Herzogtum Lauenburg296Grinau
1%
Herzogtum Lauenburg209Groß Boden
1%
Herzogtum Lauenburg84Groß Disnack
1%
Herzogtum Lauenburg149Groß Pampau
1%
Herzogtum Lauenburg570Groß Schenkenberg
1%
Herzogtum Lauenburg184Havekost
1%
Plön302Helmstorf
1%
Segeberg406Högersdorf
1%
Plön444Höhndorf
1%
Herzogtum Lauenburg434Hollenbek
1%
Dithmarschen60Hövede
1%
Herzogtum Lauenburg170Juliusburg
1%
Plön580Kalübbe
1%
Herzogtum Lauenburg224Kankelau
1%
Herzogtum Lauenburg578Kasseburg
1%
Herzogtum Lauenburg1.105Kastorf
1%
Herzogtum Lauenburg255Kittlitz
1%
Plön649Klamp
1%
Segeberg577Klein Gladebrügge
1%
Herzogtum Lauenburg648Klein Pampau
1%
Herzogtum Lauenburg235Klein Zecher
1%
Herzogtum Lauenburg611Klempau
1%
Plön86Kletkamp
1%
Herzogtum Lauenburg604Klinkrade
1%
Herzogtum Lauenburg783Koberg
1%
Herzogtum Lauenburg609Kollow
1%
Herzogtum Lauenburg153Krukow
1%
Herzogtum Lauenburg346Krüzen
1%
Herzogtum Lauenburg1.372Kuddewörde
1%
Herzogtum Lauenburg375Kühsen
1%
Herzogtum Lauenburg201Kulpin
1%
Herzogtum Lauenburg852Labenz
1%
Herzogtum Lauenburg147Langenlehsten
1%
Herzogtum Lauenburg470Lankau
1%
Herzogtum Lauenburg286Lanze
1%
Herzogtum Lauenburg594Lehmrade
1%
Herzogtum Lauenburg1.252Linau
1%
Plön295Löptin
1%
Herzogtum Lauenburg276Lüchow
1%
Herzogtum Lauenburg538Möhnsen
1%
Herzogtum Lauenburg177Mühlenrade
1%
Herzogtum Lauenburg734Mustin
1%
Segeberg558Nehms
1%
Segeberg811Neuengörs
1%
Dithmarschen145Norderheistedt
1%
Herzogtum Lauenburg1.135Nusse
1%
Herzogtum Lauenburg654Panten
1%
Herzogtum Lauenburg495Pogeez
1%
Herzogtum Lauenburg351Poggensee
1%
Plön772Rendswühren
1%
Herzogtum Lauenburg295Ritzerau
1%
Segeberg1.272Rohlstorf
1%
Herzogtum Lauenburg58Römnitz
1%
Herzogtum Lauenburg812Rondeshagen
1%
Plön957Ruhwinkel
1%
Herzogtum Lauenburg402Sahms
1%
Herzogtum Lauenburg638Salem
1%
Dithmarschen585Schalkholz
1%
Herzogtum Lauenburg642Schiphorst
1%
Segeberg486Schmalensee
1%
Herzogtum Lauenburg563Schmilau
1%
Herzogtum Lauenburg489Schretstaken
1%
Herzogtum Lauenburg158Schürensöhlen
1%
Herzogtum Lauenburg606Siebenbäumen
1%
Herzogtum Lauenburg250Siebeneichen
1%
Herzogtum Lauenburg433Sierksrade
1%
Herzogtum Lauenburg338Sirksfelde
1%
Herzogtum Lauenburg554Steinhorst
1%
Dithmarschen413Stelle-Wittenwurth
1%
Herzogtum Lauenburg932Sterley
1%
Segeberg244Stipsdorf
1%
Segeberg404Stocksee
1%
Segeberg261Strukdorf
1%
Herzogtum Lauenburg386Stubben
1%
Dithmarschen537Süderheistedt
1%
Segeberg158Tarbek
1%
Plön346Tasdorf
1%
Segeberg669Tensfeld
1%
Plön465Wahlstorf
1%
Herzogtum Lauenburg235Walksfelde
1%
Dithmarschen32Wallen
1%
Segeberg1.015Weede
1%
Dithmarschen84Wennbüttel
1%
Segeberg831Wensin
1%
Dithmarschen95Westerborstel
1%
Segeberg446Westerrade
1%
Dithmarschen151Wiemerstedt
1%
Plön159Wittmoldt
1%
Herzogtum Lauenburg1.124Ziethen
1%

Verteilung der Resultate

Perzentil nach korrekt beantworteten Fragen

Anzahl Personen mit jedem Resultat

Ihre Resultats-Entwicklung

Sie haben dieses Quiz seit der letzten Aktualisierung nicht gespielt